Heat Transport during gas turgsten arc welding (Record no. 13260)

000 -LEADER
fixed length control field 00499nam a22001937a 4500
001 - CONTROL NUMBER
control field 13260
003 - CONTROL NUMBER IDENTIFIER
control field BD-DhUET
008 - FIXED-LENGTH DATA ELEMENTS--GENERAL INFORMATION
fixed length control field 150302b xxu||||| |||| 00| 0 eng d
040 ## - CATALOGING SOURCE
Transcribing agency DLC
Modifying agency BD-DhUET
082 ## - DEWEY DECIMAL CLASSIFICATION NUMBER
Classification number 671.522
Item number ZIJ/1990
100 ## - MAIN ENTRY--PERSONAL NAME
Personal name Zijp, Johannes Petrus
245 ## - TITLE STATEMENT
Title Heat Transport during gas turgsten arc welding
250 ## - EDITION STATEMENT
Edition statement 1st ed.
260 ## - PUBLICATION, DISTRIBUTION, ETC. (IMPRINT)
Place of publication, distribution, etc. New York
Name of publisher, distributor, etc. Johannes petrus zijp
Date of publication, distribution, etc. 1990
300 ## - PHYSICAL DESCRIPTION
Extent 163p.
504 ## - BIBLIOGRAPHY, ETC. NOTE
Bibliography, etc Includes bibliographies
650 #0 - SUBJECT ADDED ENTRY--TOPICAL TERM
Topical term or geographic name as entry element Welding gas
942 ## - ADDED ENTRY ELEMENTS (KOHA)
Koha item type Corporate Publication
Holdings
Source of classification or shelving scheme Damaged status Shelving location Price effective from Copy number Koha normalized classification for sorting Not for loan Location (home branch) Koha full call number Piece designation (barcode) Withdrawn status Date acquired Lost status Koha date last seen Sublocation or collection (holding branch) Koha item type
  Circulation section2015-03-021671_522000000000000_ZIJ_1990 Central Library, BUET671.522/ZIJ/199089212 2015-03-02 2015-03-02Central Library, BUETCorporate Publication